[Event "Vienna op"]
[Site "Vienna"]
[Date "2015.08.16"]
[Round "2"]
[White "Holm, Kristian Stuvik"]
[Black "Papenbrock, Volker"]
[Result "1-0"]
[WhiteElo "2418"]
[BlackElo "2182"]
[PlyCount "55"]
[EventDate "2015.08.15"]
[EventType "swiss"]
[EventRounds "9"]
[EventCountry "AUT"]
[SourceTitle "EXT 2016"]
[Source "ChessBase"]
[SourceDate "2015.10.08"]
[SourceVersion "1"]
[SourceVersionDate "2015.10.08"]
[SourceQuality "1"]

1. d4 f5 2. Bg5 g6 3. Nd2 Bg7 4. e3 Nf6 5. h4 d6 6. Bc4 Nc6 7. h5 e5 8. hxg6 hxg6 9. Rxh8+ Bxh8 10. Ngf3 Qe7 11. c3 exd4 12. cxd4 Bd7 13. Qc2 0-0-0 14. 0-0-0 Bg7 15. Nh4 Be8 16. g4 fxg4 17. Nxg6 Qd7 18. Nf4 Bf7 19. Bxf7 Qxf7 20. Qf5+ Qd7 21. Qxd7+ Rxd7 22. Rg1 Bh8 23. Bxf6 Bxf6 24. Rxg4 Rh7 25. Nd3 a5 26. a3 b6 27. Rg1 Kb7 28. Kd1 1-0

[Event "GER-chT Seniors 23rd"]
[Site "Bergen"]
[Date "2014.09.01"]
[Round "1.3"]
[White "Gehrmann, Dorit"]
[Black "Papenbrock, Volker"]
[Result "0-1"]
[WhiteElo "1941"]
[BlackElo "2157"]
[PlyCount "86"]
[EventDate "2014.09.01"]
[EventType "team-swiss"]
[EventRounds "7"]
[EventCountry "GER"]
[SourceTitle "EXT 2018"]
[Source "ChessBase"]
[SourceDate "2017.10.13"]
[SourceVersion "1"]
[SourceVersionDate "2017.10.13"]
[SourceQuality "1"]

1. e4 d6 2. d4 g6 3. Nf3 Bg7 4. c3 Nf6 5. Bd3 Bg4 6. h3 Bxf3 7. Qxf3 Nbd7 8. Be3 c5 9. Nd2 0-0 10. Qe2 cxd4 11. Bxd4 e5 12. Be3 d5 13. 0-0 Qe7 14. exd5 Nxd5 15. Rfd1 Kh8 16. Be4 Nxe3 17. Qxe3 Nc5 18. Bd5 Rad8 19. Nb3 Na4 20. Rab1 b5 21. Na5 Qc7 22. Nb3 Rd7 23. Bf3 Rxd1+ 24. Bxd1 Rd8 25. Nd2 Nc5 26. Be2 a6 27. Rd1 Na4 28. Rb1 f5 29. Nb3 e4 30. Qc1 Be5 31. Qc2 Qg7 32. Rd1 Rxd1+ 33. Qxd1 Bc7 34. Qd5 Qe5 35. Qa8+ Kg7 36. g3 f4 37. gxf4 Qxf4 38. Kf1 Bb6 39. Nd4 Bxd4 40. cxd4 Nxb2 41. Qxa6 Nd3 42. Qa7+ Kh6 43. d5 Qc1+ 0-1

[Event "GER-chA Seniors 26th"]
[Site "Bad Neuenahr"]
[Date "2014.08.12"]
[Round "8"]
[White "Petzold, Hans"]
[Black "Papenbrock, Volker"]
[Result "1-0"]
[WhiteElo "2110"]
[BlackElo "2188"]
[PlyCount "52"]
[EventDate "2014.08.05"]
[EventType "swiss"]
[EventRounds "9"]
[EventCountry "GER"]
[SourceTitle "EXT 2018"]
[Source "ChessBase"]
[SourceDate "2017.10.13"]
[SourceVersion "1"]
[SourceVersionDate "2017.10.13"]
[SourceQuality "1"]

1. e4 g6 2. d4 Bg7 3. Nc3 d6 4. Be3 c6 5. Qd2 b5 6. Nf3 Bg4 7. Bd3 Nd7 8. h3 Bxf3 9. gxf3 a6 10. Ne2 c5 11. c3 e5 12. f4 Rc8 13. fxe5 cxd4 14. cxd4 dxe5 15. d5 Nc5 16. Bc2 Nf6 17. Ng3 h5 18. f3 h4 19. Ne2 Nh5 20. 0-0-0 Qd6 21. Rhe1 0-0 22. Rg1 Nd7 23. Bg5 Bf6 24. Rdf1 Nf4 25. Nxf4 exf4 26. Bxf6 Qxf6 1-0

[Event "GER-chA Seniors 26th"]
[Site "Bad Neuenahr"]
[Date "2014.08.11"]
[Round "7"]
[White "Papenbrock, Volker"]
[Black "Krebel, Christoph"]
[Result "1/2-1/2"]
[WhiteElo "2188"]
[BlackElo "2021"]
[PlyCount "66"]
[EventDate "2014.08.05"]
[EventType "swiss"]
[EventRounds "9"]
[EventCountry "GER"]
[SourceTitle "EXT 2018"]
[Source "ChessBase"]
[SourceDate "2017.10.13"]
[SourceVersion "1"]
[SourceVersionDate "2017.10.13"]
[SourceQuality "1"]

1. d4 d5 2. Nf3 Nf6 3. Bf4 c5 4. e3 Nc6 5. c3 Qb6 6. Qc1 Bf5 7. Nbd2 cxd4 8. exd4 Rc8 9. Be2 e6 10. 0-0 Be7 11. Be3 Ne4 12. c4 Qd8 13. b3 0-0 14. Qb2 Bf6 15. Rfd1 Qd6 16. Rac1 Rfe8 17. cxd5 exd5 18. Nf1 Qd7 19. Ng3 Bg6 20. b4 Qd6 21. a3 Rc7 22. Nxe4 Bxe4 23. Qd2 Rce7 24. h3 a6 25. Bf4 Qd8 26. Bg5 Re6 27. Be3 h6 28. a4 Ne7 29. Bf4 Nf5 30. Be5 Bxf3 31. Bxf6 Qxf6 32. Bxf3 Nh4 33. Bg4 R6e7 1/2-1/2

[Event "GER-chA Seniors 26th"]
[Site "Bad Neuenahr"]
[Date "2014.08.08"]
[Round "4"]
[White "Rumpler, Horst Dieter"]
[Black "Papenbrock, Volker"]
[Result "1/2-1/2"]
[WhiteElo "2041"]
[BlackElo "2188"]
[PlyCount "69"]
[EventDate "2014.08.05"]
[EventType "swiss"]
[EventRounds "9"]
[EventCountry "GER"]
[SourceTitle "EXT 2018"]
[Source "ChessBase"]
[SourceDate "2017.10.13"]
[SourceVersion "1"]
[SourceVersionDate "2017.10.13"]
[SourceQuality "1"]

1. f4 g6 2. Nf3 Bg7 3. e3 d6 4. Be2 Nf6 5. 0-0 0-0 6. d3 c6 7. Qe1 Qb6 8. Kh1 Bg4 9. e4 Nbd7 10. Nbd2 e5 11. Nc4 Qc7 12. Qb4 d5 13. fxe5 Nxe4 14. Ne3 Bxf3 15. Bxf3 Nec5 16. d4 Ne6 17. Qd2 f6 18. exf6 Nxf6 19. c3 Rad8 20. Qc2 Qd7 21. Bd2 Rf7 22. Ng4 Nxg4 23. Bxg4 Rdf8 24. Qd3 Qd6 25. Rxf7 Rxf7 26. Re1 Nf8 27. Rf1 Rxf1+ 28. Qxf1 Nd7 29. Qf4 Qxf4 30. Bxf4 Nb6 31. Be6+ Kf8 32. Bd6+ Ke8 33. b3 Nd7 34. g3 Bh6 35. Bh3 1/2-1/2

[Event "GER-chA Seniors 26th"]
[Site "Bad Neuenahr"]
[Date "2014.08.05"]
[Round "1"]
[White "Papenbrock, Volker"]
[Black "Gerhardt, Peter Michael"]
[Result "1/2-1/2"]
[WhiteElo "2188"]
[BlackElo "2037"]
[PlyCount "52"]
[EventDate "2014.08.05"]
[EventType "swiss"]
[EventRounds "9"]
[EventCountry "GER"]
[SourceTitle "EXT 2018"]
[Source "ChessBase"]
[SourceDate "2017.10.13"]
[SourceVersion "1"]
[SourceVersionDate "2017.10.13"]
[SourceQuality "1"]

1. d4 Nf6 2. Bg5 g6 3. Nc3 Bg7 4. e4 d6 5. e5 dxe5 6. dxe5 Qxd1+ 7. Rxd1 Ng4 8. h3 Nxf2 9. Kxf2 Bxe5 10. Nf3 Bxc3 11. bxc3 h6 12. Bf4 c6 13. Ne5 Nd7 14. Nxd7 Bxd7 15. Bc4 0-0-0 16. Rhe1 g5 17. Bg3 Be8 18. a4 c5 19. Rxd8+ Kxd8 20. Rd1+ Kc8 21. Rd5 Bxa4 22. Rxc5+ Bc6 23. Bxf7 Rf8 24. Rf5 Bd7 25. Rc5+ Bc6 26. Rf5 Bd7 1/2-1/2

[Event "GER-chT Seniors 21st"]
[Site "Berlin"]
[Date "2012.09.13"]
[Round "4.20"]
[White "Sprotte, Norbert"]
[Black "Papenbrock, Volker"]
[Result "1/2-1/2"]
[WhiteElo "2086"]
[BlackElo "2009"]
[PlyCount "68"]
[EventDate "2012.09.10"]
[EventType "team-swiss"]
[EventRounds "7"]
[EventCountry "GER"]
[SourceTitle "CBM 150 Extra"]
[Source "ChessBase"]
[SourceDate "2012.10.19"]
[SourceVersion "1"]
[SourceVersionDate "2012.10.19"]
[SourceQuality "1"]
[WhiteTeam "Berlin Seniors II"]
[BlackTeam "Hamburg Seniors"]
[WhiteTeamCountry "GER"]
[BlackTeamCountry "GER"]

1. Nf3 f5 2. d4 Nf6 3. g3 g6 4. Bg2 Bg7 5. 0-0 0-0 6. c3 d5 7. Nbd2 c6 8. Ne5 Be6 9. Ndf3 Kh8 10. Ng5 Bg8 11. Qb3 Qb6 12. Qa3 Qd8 13. Qb4 b6 14. Qa4 Ne4 15. Nxe4 dxe4 16. f3 exf3 17. exf3 a5 18. Re1 b5 19. Qc2 Bd5 20. Bg5 Bf6 21. Bxf6+ Rxf6 22. f4 Na6 23. Nd3 Nc7 24. Re5 Bxg2 25. Qxg2 Nd5 26. Nc5 b4 27. Qd2 bxc3 28. bxc3 a4 29. c4 Nb6 30. Qc3 Nd7 31. Nxd7 Qxd7 32. Rae1 Re8 33. d5 Kg8 34. Qd4 Rd6 1/2-1/2

[Event "GER-ch Seniors"]
[Site "Dresden"]
[Date "2012.08.09"]
[Round "1"]
[White "Papenbrock, Volker"]
[Black "Pooth, Richard"]
[Result "0-1"]
[WhiteElo "2189"]
[BlackElo "1997"]
[PlyCount "47"]
[EventDate "2012.08.09"]
[EventType "swiss"]
[EventRounds "9"]
[EventCountry "GER"]
[SourceTitle "EXT 2014"]
[Source "ChessBase"]
[SourceDate "2013.11.20"]
[SourceVersion "1"]
[SourceVersionDate "2013.11.20"]
[SourceQuality "1"]

1. d4 Nf6 2. Nc3 d5 3. Bg5 Nbd7 4. Nf3 c6 5. e3 Qc7 6. Bf4 Qb6 7. Rb1 e6 8. a3 a5 9. Bd3 Nh5 10. Be5 Nxe5 11. Nxe5 g6 12. a4 Ng7 13. Qf3 Qc7 14. Nb5 Qe7 15. h4 f5 16. Qf4 cxb5 17. Bxb5+ Kd8 18. c4 Ne8 19. c5 Bg7 20. h5 g5 21. Qg3 Bxe5 22. Qxe5 Qf6 23. f4 Qxe5 24. fxe5 0-1

[Event "Hessen-ch Seniors op 08th"]
[Site "Bad Sooden-Allendorf"]
[Date "2012.04.21"]
[Round "8"]
[White "Schirmer, Werner"]
[Black "Papenbrock, Volker"]
[Result "0-1"]
[WhiteElo "2027"]
[BlackElo "2192"]
[PlyCount "68"]
[EventDate "2012.04.14"]
[EventType "swiss"]
[EventRounds "9"]
[EventCountry "GER"]
[SourceTitle "EXT 2019"]
[Source "ChessBase"]
[SourceDate "2018.10.10"]
[SourceVersion "1"]
[SourceVersionDate "2018.10.10"]
[SourceQuality "1"]

1. e4 d6 2. d4 Nf6 3. Nc3 c6 4. Be3 Qa5 5. f3 Nbd7 6. Qd2 b5 7. Nge2 b4 8. Nd1 Rb8 9. Nc1 c5 10. a3 Qc7 11. dxc5 dxc5 12. axb4 Rxb4 13. Nd3 Rb7 14. Be2 e6 15. 0-0 Bd6 16. Bf4 c4 17. e5 Nxe5 18. Nxe5 Bxe5 19. Bxe5 Qxe5 20. Bxc4 Qc5+ 21. Ne3 0-0 22. Ra5 Qe7 23. Re1 Rd8 24. Qf2 Qb4 25. Rg5 Qxb2 26. g3 g6 27. Bd3 Bd7 28. h4 Bb5 29. h5 Bxd3 30. cxd3 Qd4 31. Kh2 Rb4 32. Ng4 Nxg4+ 33. Rxg4 Qc3 34. f4 Qc7 0-1

[Event "Hessen-ch Seniors op 08th"]
[Site "Bad Sooden-Allendorf"]
[Date "2012.04.19"]
[Round "6"]
[White "Voermans, Adri"]
[Black "Papenbrock, Volker"]
[Result "0-1"]
[WhiteElo "1883"]
[BlackElo "2192"]
[PlyCount "82"]
[EventDate "2012.04.14"]
[EventType "swiss"]
[EventRounds "9"]
[EventCountry "GER"]
[SourceTitle "EXT 2019"]
[Source "ChessBase"]
[SourceDate "2018.10.10"]
[SourceVersion "1"]
[SourceVersionDate "2018.10.10"]
[SourceQuality "1"]

1. d4 f5 2. c4 g6 3. g3 Bg7 4. Bg2 Nf6 5. Nc3 0-0 6. Nh3 Nc6 7. 0-0 d6 8. Bf4 Bd7 9. Qd2 Qe8 10. Rae1 Nxd4 11. Qxd4 e5 12. Qd3 exf4 13. Nxf4 Bc6 14. Nfd5 Qf7 15. b4 Kh8 16. b5 Bxd5 17. Nxd5 Nd7 18. Nxc7 Ne5 19. Qxd6 Rad8 20. Qc5 Rc8 21. Qxa7 Qxc7 22. Rc1 b6 23. Qxc7 Rxc7 24. Rfd1 Rxc4 25. Rxc4 Nxc4 26. e3 Bf6 27. Rd7 Rd8 28. Rxd8+ Bxd8 29. e4 fxe4 30. Bxe4 Kg7 31. f3 Kf6 32. h4 h6 33. Kf2 Bc7 34. g4 g5 35. h5 Ke5 36. Ke2 Kd4 37. Bg6 Bf4 38. Be8 Nd6 39. Bc6 Kc4 40. a4 Kb4 41. Kd3 Be5 0-1

[Event "GER-ch Seniors 23rd"]
[Site "Halle"]
[Date "2011.08.13"]
[Round "9"]
[White "Hassenrueck, Helmut"]
[Black "Papenbrock, Volker"]
[Result "1-0"]
[WhiteElo "2206"]
[BlackElo "2187"]
[PlyCount "55"]
[EventDate "2011.08.05"]
[EventType "swiss"]
[EventRounds "9"]
[EventCountry "GER"]
[SourceTitle "CBM 144 Extra"]
[Source "ChessBase"]
[SourceDate "2011.10.28"]
[SourceVersion "1"]
[SourceVersionDate "2011.10.28"]
[SourceQuality "1"]

1. d4 g6 2. e4 Bg7 3. Nc3 d6 4. f4 c6 5. Nf3 d5 6. e5 h5 7. Bd3 Nh6 8. 0-0 Bf5 9. b3 Bxd3 10. Qxd3 e6 11. Na4 Nd7 12. c4 dxc4 13. bxc4 Qa5 14. Nc3 Nf5 15. Bd2 Qc7 16. Rab1 Rd8 17. Ne4 b6 18. Qb3 0-0 19. h3 h4 20. Be1 Nb8 21. Rd1 c5 22. d5 exd5 23. cxd5 c4 24. Qc3 b5 25. Bf2 Ng3 26. Bxg3 hxg3 27. Nfg5 Nd7 28. Qxg3 1-0

[Event "GER-ch Seniors 23rd"]
[Site "Halle"]
[Date "2011.08.11"]
[Round "7"]
[White "Krueger, Erich"]
[Black "Papenbrock, Volker"]
[Result "0-1"]
[WhiteElo "2195"]
[BlackElo "2187"]
[PlyCount "86"]
[EventDate "2011.08.05"]
[EventType "swiss"]
[EventRounds "9"]
[EventCountry "GER"]
[SourceTitle "CBM 144 Extra"]
[Source "ChessBase"]
[SourceDate "2011.10.28"]
[SourceVersion "1"]
[SourceVersionDate "2011.10.28"]
[SourceQuality "1"]

1. d4 f5 2. Nf3 Nf6 3. g3 g6 4. Bg2 Bg7 5. 0-0 0-0 6. c4 d6 7. Nc3 Qe8 8. d5 c6 9. Rb1 Na6 10. a3 Nc7 11. dxc6 bxc6 12. Nd4 Bd7 13. b4 Rc8 14. b5 cxb5 15. cxb5 Ne6 16. Nc6 Nd8 17. Qb3+ Be6 18. Qb4 Nxc6 19. bxc6 d5 20. Nb5 Rxc6 21. Nxa7 Rc4 22. Qb7 Ne4 23. Bxe4 fxe4 24. Bg5 h6 25. Bd2 Qf7 26. f4 Rc2 27. Bb4 Rxe2 28. Nc6 Kh7 29. Bxe7 Rc8 30. Bd6 Qxb7 31. Rxb7 Kh8 32. Be5 Bxe5 33. Nxe5 Rcc2 34. Nxg6+ Kg8 35. Nh4 d4 36. Re7 Bf7 37. Rb1 d3 38. Nf5 d2 39. Rb8+ Kh7 40. Rxf7+ Kg6 41. Rg7+ Kxf5 42. Rf8+ Ke6 43. f5+ Ke5 0-1

[Event "GER-ch Seniors 23rd"]
[Site "Halle"]
[Date "2011.08.09"]
[Round "5"]
[White "Rychlik, Kurt"]
[Black "Papenbrock, Volker"]
[Result "0-1"]
[WhiteElo "2091"]
[BlackElo "2187"]
[PlyCount "74"]
[EventDate "2011.08.05"]
[EventType "swiss"]
[EventRounds "9"]
[EventCountry "GER"]
[SourceTitle "CBM 144 Extra"]
[Source "ChessBase"]
[SourceDate "2011.10.28"]
[SourceVersion "1"]
[SourceVersionDate "2011.10.28"]
[SourceQuality "1"]

1. e4 g6 2. d4 Bg7 3. c4 d6 4. Nc3 Nf6 5. Nf3 0-0 6. Be2 Bg4 7. h3 Bxf3 8. Bxf3 c6 9. Be3 Nbd7 10. Qd2 e5 11. Rd1 Re8 12. 0-0 Qc7 13. g4 Nb6 14. b3 Rad8 15. g5 Nfd7 16. d5 cxd5 17. Nxd5 Nxd5 18. Qxd5 Nc5 19. Rd2 Ne6 20. Bg4 Nf4 21. Qb5 b6 22. Rfd1 h5 23. gxh6 Bf8 24. f3 Kh7 25. Kf2 Be7 26. Kg3 Nh5+ 27. Bxh5 gxh5 28. f4 Rg8+ 29. Kh2 Bh4 30. f5 Bg3+ 31. Kh1 Qe7 32. Qd5 Rdf8 33. Qd3 Qh4 34. Rg2 Qxh3+ 35. Kg1 Bf2+ 36. Kxf2 Rxg2+ 37. Kf1 Qh1+ 0-1

[Event "GER-ch Seniors 23rd"]
[Site "Halle"]
[Date "2011.08.08"]
[Round "4"]
[White "Papenbrock, Volker"]
[Black "Fritsch, Juergen"]
[Result "1-0"]
[WhiteElo "2187"]
[BlackElo "1957"]
[PlyCount "63"]
[EventDate "2011.08.05"]
[EventType "swiss"]
[EventRounds "9"]
[EventCountry "GER"]
[SourceTitle "CBM 144 Extra"]
[Source "ChessBase"]
[SourceDate "2011.10.28"]
[SourceVersion "1"]
[SourceVersionDate "2011.10.28"]
[SourceQuality "1"]

1. d4 d5 2. Nf3 e6 3. Bf4 Nf6 4. e3 Ne4 5. Bd3 g5 6. Bg3 h5 7. h3 Nxg3 8. fxg3 Bd6 9. Kf2 Qf6 10. g4 hxg4 11. hxg4 Rh4 12. Rxh4 gxh4 13. g5 Bg3+ 14. Ke2 Qh8 15. Nbd2 Qh5 16. Qh1 e5 17. Nf1 e4 18. Nxg3 Qg4 19. Nf1 exd3+ 20. cxd3 h3 21. gxh3 Qxh3 22. Qxh3 Bxh3 23. Ng3 Nd7 24. Rh1 Bg4 25. Rh4 Bxf3+ 26. Kxf3 Ke7 27. Nf5+ Ke6 28. Kf4 Rg8 29. e4 c6 30. Rh6+ Rg6 31. Rh8 f6 32. Re8+ 1-0

[Event "GER-ch Seniors 21st"]
[Site "Dresden"]
[Date "2009.08.09"]
[Round "8"]
[White "Schulz, Wilhelm1111"]
[Black "Papenbrock, Volker"]
[Result "0-1"]
[WhiteElo "2065"]
[BlackElo "2149"]
[PlyCount "70"]
[EventDate "2009.08.03"]
[EventType "swiss"]
[EventRounds "9"]
[EventCountry "GER"]
[SourceTitle "CBM 131 Extra"]
[Source "ChessBase"]
[SourceDate "2009.09.03"]
[SourceVersion "2"]
[SourceVersionDate "2009.09.16"]
[SourceQuality "1"]

1. d4 f5 2. Bg5 c5 3. e3 Qb6 4. Bc4 e6 5. Nf3 d5 6. Bb3 c4 7. Ba4+ Bd7 8. Bxd7+ Nxd7 9. Qc1 Ngf6 10. 0-0 Bd6 11. c3 0-0 12. Nbd2 Qc7 13. b3 b5 14. g3 cxb3 15. axb3 Rfc8 16. Ra6 Nb8 17. Ra1 Nbd7 18. Ra6 Ne4 19. Nb1 Nb8 20. Ra1 b4 21. Bf4 Bxf4 22. gxf4 bxc3 23. Ne5 c2 24. Nd2 Nc3 25. Re1 Nd7 26. Ndf3 Nxe5 27. Nxe5 Ne4 28. Re2 Nc3 29. Re1 Ne4 30. Re2 Nc3 31. Re1 Ne4 32. Re2 Rab8 33. f3 Qc3 34. Ra2 Nd2 35. Nd7 Rxb3 0-1

[Event "GER-ch Seniors 21st"]
[Site "Dresden"]
[Date "2009.08.07"]
[Round "5"]
[White "Boehm, Erwin"]
[Black "Papenbrock, Volker"]
[Result "1-0"]
[WhiteElo "2232"]
[BlackElo "2149"]
[PlyCount "87"]
[EventDate "2009.08.03"]
[EventType "swiss"]
[EventRounds "9"]
[EventCountry "GER"]
[SourceTitle "CBM 131 Extra"]
[Source "ChessBase"]
[SourceDate "2009.09.03"]
[SourceVersion "2"]
[SourceVersionDate "2009.09.16"]
[SourceQuality "1"]

1. e4 g6 2. Nc3 Bg7 3. g3 d6 4. Bg2 c6 5. d3 Nf6 6. h3 0-0 7. Nge2 e5 8. 0-0 d5 9. exd5 cxd5 10. Bg5 Be6 11. f4 h6 12. Bxf6 Bxf6 13. fxe5 Bxe5 14. d4 Bg7 15. Nf4 Nc6 16. Nce2 Qb6 17. c3 Ne7 18. Nxe6 fxe6 19. Qb3 Qxb3 20. Rxf8+ Kxf8 21. axb3 g5 22. Nc1 Nc6 23. Nd3 Ke7 24. Re1 Kd6 25. Bf3 Rf8 26. Kg2 b6 27. Bg4 e5 28. dxe5+ Nxe5 29. Nxe5 Bxe5 30. Rd1 Kc5 31. b4+ Kc6 32. Bf3 Rd8 33. Rd2 b5 34. Re2 Re8 35. b3 Kd6 36. Rd2 d4 37. cxd4 Bh8 38. Rc2 Re3 39. Rc8 Bg7 40. Rc6+ Kd7 41. d5 Rc3 42. Bg4+ Kd8 43. Rg6 Be5 44. d6 1-0

[Event "GER-ch Seniors-A 20th"]
[Site "Erfurt"]
[Date "2008.08.10"]
[Round "6"]
[White "Aigner, Georg"]
[Black "Papenbrock, Volker"]
[Result "1-0"]
[WhiteElo "1840"]
[BlackElo "2025"]
[PlyCount "61"]
[EventDate "2008.08.05"]
[EventType "swiss"]
[EventRounds "9"]
[EventCountry "GER"]
[SourceTitle "CBM 126 Extra"]
[Source "ChessBase"]
[SourceDate "2008.11.05"]
[SourceVersion "1"]
[SourceVersionDate "2008.11.05"]
[SourceQuality "1"]

1. e4 g6 2. Nc3 Bg7 3. Nf3 d6 4. d4 c6 5. Be2 Nf6 6. 0-0 0-0 7. Re1 Qc7 8. Bf4 Nh5 9. Be3 e5 10. Ng5 Nf4 11. Bc4 h6 12. Nf3 Bg4 13. Bxf4 exf4 14. Be2 Nd7 15. h3 Bxf3 16. Bxf3 Qb6 17. Ne2 Qxb2 18. Qd3 Qb5 19. Qxb5 cxb5 20. Rab1 Rac8 21. c3 Rc4 22. Rxb5 Nb6 23. Ra5 Na4 24. Rxa7 Nxc3 25. Nxc3 Rxc3 26. e5 dxe5 27. dxe5 b5 28. Bd5 Rc5 29. Rd7 b4 30. e6 fxe6 31. Rxe6 1-0

[Event "Corfu op"]
[Site "Corfu"]
[Date "2007.10.01"]
[Round "1"]
[White "Papenbrock, Volker"]
[Black "Georgiadis, Alexandros"]
[Result "1/2-1/2"]
[WhiteElo "2188"]
[BlackElo "1882"]
[PlyCount "130"]
[EventDate "2007.10.01"]
[EventType "swiss"]
[EventRounds "9"]
[EventCountry "GRE"]
[SourceTitle "CBM 120 Extra"]
[Source "ChessBase"]
[SourceDate "2007.11.01"]
[SourceVersion "1"]
[SourceVersionDate "2007.11.01"]
[SourceQuality "1"]

1. d4 d5 2. Nf3 Nf6 3. Bf4 e6 4. e3 Bd6 5. Bg3 c5 6. c3 Nc6 7. Nbd2 0-0 8. Bd3 Re8 9. 0-0 e5 10. dxe5 Nxe5 11. Nxe5 Bxe5 12. Bh4 Qb6 13. Qc2 h6 14. Nf3 Bc7 15. c4 dxc4 16. Bxc4 Bg4 17. Be2 Ne4 18. Rfd1 Qg6 19. Rac1 Qh5 20. Bg3 Nxg3 21. hxg3 Bb6 22. Rd6 Red8 23. Rcd1 Rxd6 24. Rxd6 Rd8 25. Rxd8+ Bxd8 26. Qe4 Bb6 27. Qe8+ Kh7 28. Bd3+ Bf5 29. Qe5 g6 30. Bxf5 Qxf5 31. Qxf5 gxf5 32. Nh4 c4 33. Nxf5 Bc5 34. Kf1 Kg6 35. e4 b5 36. Ke2 a5 37. f3 a4 38. Kd2 b4 39. Kc2 h5 40. a3 bxa3 41. bxa3 Bxa3 42. Kc3 Bf8 43. Kxc4 a3 44. Kb3 Kg5 45. Ne3 Bd6 46. Nc4 Bxg3 47. Kxa3 Bc7 48. Ne3 h4 49. Nd5 Bd6+ 50. Kb3 f5 51. exf5 Kxf5 52. Kc4 Kg5 53. Kd4 h3 54. gxh3 Kh4 55. Ke4 Kxh3 56. Ne3 Ba3 57. f4 Kh4 58. Nc4 Bb4 59. Kf5 Kh5 60. Ke6 Kg6 61. f5+ Kg7 62. Ne5 Ba3 63. f6+ Kf8 64. Nd3 Ke8 65. Ne5 Bb4 1/2-1/2

[Event "GER-ch Seniors 18th"]
[Site "Dresden"]
[Date "2006.07.26"]
[Round "5"]
[White "Papenbrock, Volker"]
[Black "Ladstetter, Josef"]
[Result "1/2-1/2"]
[WhiteElo "2174"]
[BlackElo "2073"]
[PlyCount "53"]
[EventDate "2006.07.22"]
[EventType "swiss"]
[EventRounds "9"]
[EventCountry "GER"]
[SourceTitle "CBM 113 Extra"]
[Source "ChessBase"]
[SourceDate "2006.09.14"]
[SourceVersion "1"]
[SourceVersionDate "2006.09.14"]
[SourceQuality "1"]

1. d4 d5 2. Nf3 e6 3. Bf4 Nd7 4. e3 f5 5. Bd3 Bd6 6. c4 Ndf6 7. Nc3 c6 8. Bg5 Ne7 9. 0-0 Ne4 10. Bxe4 fxe4 11. Ne5 0-0 12. f3 Bxe5 13. dxe5 exf3 14. Rxf3 Qe8 15. Rxf8+ Qxf8 16. e4 Ng6 17. cxd5 Qc5+ 18. Kh1 exd5 19. exd5 cxd5 20. Qxd5+ Qxd5 21. Nxd5 Nxe5 22. Re1 Nc6 23. Re8+ Kf7 24. Rh8 b6 25. Nc7 Rb8 26. Nb5 Be6 27. Rxb8 1/2-1/2

[Event "GER-ch Seniors 18th"]
[Site "Dresden"]
[Date "2006.07.23"]
[Round "2"]
[White "Rychlik, Kurt"]
[Black "Papenbrock, Volker"]
[Result "0-1"]
[WhiteElo "1858"]
[BlackElo "2009"]
[PlyCount "88"]
[EventDate "2006.07.22"]
[EventType "swiss"]
[EventRounds "9"]
[EventCountry "GER"]
[SourceTitle "EXT 2022"]
[Source "ChessBase"]
[SourceDate "2021.10.06"]
[SourceVersion "1"]
[SourceVersionDate "2021.10.06"]
[SourceQuality "1"]

1. e4 g6 2. d4 Bg7 3. Nc3 d6 4. Nf3 Nf6 5. h3 0-0 6. Be2 c5 7. d5 b5 8. Qd3 b4 9. Nd1 Ba6 10. Qe3 Bxe2 11. Qxe2 a5 12. 0-0 Nbd7 13. Bf4 Qb6 14. Nd2 a4 15. Nc4 Qb5 16. f3 Nh5 17. Bh2 Nb6 18. Nde3 Be5 19. b3 Bxa1 20. Rxa1 axb3 21. cxb3 Ra6 22. Qb2 Nxc4 23. Nxc4 Rfa8 24. g4 Nf6 25. h4 Qd7 26. h5 Nxe4 27. hxg6 hxg6 28. fxe4 Qxg4+ 29. Qg2 Qxg2+ 30. Kxg2 Rxa2+ 31. Rxa2 Rxa2+ 32. Kh3 Re2 33. e5 dxe5 34. Bxe5 f5 35. d6 exd6 36. Bxd6 Rc2 37. Kh4 Rc3 38. Na5 Kf7 39. Kg5 Ke6 40. Bf4 Kd5 41. Kxg6 Ke4 42. Kg5 Rc2 43. Be3 f4 44. Nc4 Rxc4 0-1

[Event "GER-ch Seniors 18th"]
[Site "Dresden"]
[Date "2006.07.22"]
[Round "1"]
[White "Papenbrock, Volker"]
[Black "Kalmutzki, Manfred"]
[Result "1/2-1/2"]
[WhiteElo "2009"]
[BlackElo "1743"]
[PlyCount "70"]
[EventDate "2006.07.22"]
[EventType "swiss"]
[EventRounds "9"]
[EventCountry "GER"]
[SourceTitle "EXT 2022"]
[Source "ChessBase"]
[SourceDate "2021.10.06"]
[SourceVersion "1"]
[SourceVersionDate "2021.10.06"]
[SourceQuality "1"]

1. d4 d5 2. Nf3 e6 3. Bf4 Bd6 4. Bg3 f5 5. e3 Nf6 6. Bd3 0-0 7. c4 c6 8. Ne5 Bc7 9. Bh4 Qe8 10. f4 Nbd7 11. Nd2 Ne4 12. 0-0 Ndf6 13. Rc1 Nxd2 14. Qxd2 Ne4 15. Qe2 Bd8 16. Bxd8 Qxd8 17. g4 g6 18. Qg2 Nd6 19. Kh1 Nf7 20. gxf5 Nxe5 21. dxe5 exf5 22. cxd5 cxd5 23. Rfd1 Qa5 24. b4 Qb6 25. Qxd5+ Be6 26. Qxe6+ Qxe6 27. Bc4 Qxc4 28. Rxc4 b5 29. Rc7 Rfc8 30. Rdd7 Rxc7 31. Rxc7 a5 32. bxa5 Rxa5 33. e6 Kf8 34. Kg2 Rxa2+ 35. Kg3 Ra6 1/2-1/2